Score 0/20 Timer 02:00
0 Plays Today
Hint Answer % Correct
ChromeGoogle
82.1%
XboxMicrosoft
78.6%
iPadApple
75%
BingMicrosoft
71.4%
YouTubeGoogle
64.3%
Surface Pro 3Microsoft
60.7%
Mojang (Mojang now works for...)Microsoft
60.7%
PlaystationSony
60.7%
MinecraftMojang
53.6%
Scotch tape3M
53.6%
Hint Answer % Correct
Wrap Film3M
53.6%
MatiC Grip PencilBic
35%
Angry BirdsRovio
26.3%
Oral-BProctor & Gamble
25%
CrestProctor & Gamble
25%
DawnProctor & Gamble
25%
Jetpack JoyrideHalfbrick
21.1%
Fruit NinjaHalfbrick
21.1%
asdf WikiWikiA
10%
Steak and Shake (full name)Biglari Holdings
7.1%
Remove Ads.
Support Sporcle.
Get the best of Sporcle when you Go Orange. This ad-free experience offers more features, more stats, and more fun while also helping to support Sporcle. Thank you for becoming a member.

You're not logged in!

Compare scores with friends on all Sporcle quizzes.
OR
Log In

Show Comments

Extras

Top Quizzes Today


Score Distribution

Your Account Isn't Verified!

In order to create a playlist on Sporcle, you need to verify the email address you used during registration. Go to your Sporcle Settings to finish the process.

Report this User

Report this user for behavior that violates our Community Guidelines.

Details: